000 00299nam a2200121Ia 4500
005 20251222154306.0
008 251222s9999||||xx |||||||||||||| ||spa||
020 _a9972-726-06-1
082 _a759.985/M95
245 0 _aAcuarelas de Pancho Fierro y Seguidores:
264 _bEdilibros
942 _cLIB
999 _c33231
_d33231